Sich selbst vergleichen : (Record no. 70242)

MARC details
000 -LEADER
fixed length control field 04895nam a22009495i 4500
005 - DATE AND TIME OF LATEST TRANSACTION
control field 20230718140311.0
006 - FIXED-LENGTH DATA ELEMENTS--ADDITIONAL MATERIAL CHARACTERISTICS
fixed length control field m|||||o||d||||||||
007 - PHYSICAL DESCRIPTION FIXED FIELD--GENERAL INFORMATION
fixed length control field cr || ||||||||
008 - FIXED-LENGTH DATA ELEMENTS--GENERAL INFORMATION
fixed length control field 221201t20202020gw fo d z ger d
020 ## - INTERNATIONAL STANDARD BOOK NUMBER
International Standard Book Number 9783839452004
040 ## - CATALOGING SOURCE
Original cataloging agency DE-B1597
Language of cataloging eng
Transcribing agency DE-B1597
Description conventions rda
041 0# - LANGUAGE CODE
Language code of text/sound track or separate title ger
082 04 - DEWEY DECIMAL CLASSIFICATION NUMBER
Field link and sequence number 7p
Classification number 800
Assigning agency DE-101
100 1# - MAIN ENTRY--PERSONAL NAME
Personal name Arlinghaus, Franz-Josef,
Relator term author.
Relator code aut
-- http://id.loc.gov/vocabulary/relators/aut
245 10 - TITLE STATEMENT
Title Sich selbst vergleichen :
Remainder of title Zur RelationalitÀt autobiographischen Schreibens vom 12. Jahrhundert bis zur Gegenwart /
Statement of responsibility, etc. Simon Siemianowski, Lena Gumpert, Walter Erhart, Franz-Josef Arlinghaus.
264 #1 - PRODUCTION, PUBLICATION, DISTRIBUTION, MANUFACTURE, AND COPYRIGHT NOTICE
Place of production, publication, distribution, manufacture Bielefeld :
Name of producer, publisher, distributor, manufacturer transcript Verlag,
Date of production, publication, distribution, manufacture, or copyright notice [2020]
264 #4 - PRODUCTION, PUBLICATION, DISTRIBUTION, MANUFACTURE, AND COPYRIGHT NOTICE
Date of production, publication, distribution, manufacture, or copyright notice ©2020
300 ## - PHYSICAL DESCRIPTION
Extent 1 online resource (300 p.)
336 ## - CONTENT TYPE
Content type term text
Content type code txt
Source rdacontent
337 ## - MEDIA TYPE
Media type term computer
Media type code c
Source rdamedia
338 ## - CARRIER TYPE
Carrier type term online resource
Carrier type code cr
Source rdacarrier
347 ## - DIGITAL FILE CHARACTERISTICS
File type text file
Encoding format PDF
Source rda
490 0# - SERIES STATEMENT
Series statement Histoire ;
Volume/sequential designation 179
505 00 - FORMATTED CONTENTS NOTE
Title Frontmatter --
-- Inhalt --
-- Vorwort --
-- I. Ähnlich, Anders, Einzigartig --
-- II. Relationierungen --
-- III. Ich und Hieronymus, Hieronymus und ich --
-- IV. Warum ich doch nicht anders bin --
-- V. »Jeder soll werden wie er.« --
-- VI. Warum ich mich anders schreibe --
-- Nachwort --
-- Register
506 0# - RESTRICTIONS ON ACCESS NOTE
Standardized terminology for access restriction unrestricted online access
Source of term star
520 ## - SUMMARY, ETC.
Summary, etc. The relational and comparative self in autobiographical writing. An interdisciplinary approach to its history and present.
520 ## - SUMMARY, ETC.
Summary, etc. Wer das eigene Leben beschreibt, vergleicht sich mit anderen und mit sich selbst: Unter diesem Gesichtspunkt nehmen die vier Wissenschaftler*innen aus unterschiedlichen Disziplinen die Geschichte des autobiographischen Schreibens neu in den Blick. Leitend ist dabei die Erkenntnis, dass in Selbstbeschreibungen nicht ein vermeintlich autonomes Ich im Mittelpunkt steht, sondern ein stets in Beziehung stehendes relationales Selbst. Wie sich eine solche IndividualitÀt durch das Sich-Selbst-Vergleichen auf historisch jeweils unterschiedliche Weise herstellt, wird anhand von Autor*innen wie Petrus Abaelard, Guibert von Nogent, Jean-Jacques Rousseau, Johann Wolfgang von Goethe, Bertha von Suttner, Walter Benjamin und Roland Barthes analysiert.
538 ## - SYSTEM DETAILS NOTE
System details note Mode of access: Internet via World Wide Web.
540 ## - TERMS GOVERNING USE AND REPRODUCTION NOTE
Terms governing use and reproduction This eBook is made available Open Access under a CC BY 4.0 license:
Uniform Resource Identifier <a href="https://creativecommons.org/licenses/by/4.0 ">https://creativecommons.org/licenses/by/4.0 </a>
-- <a href="https://www.degruyter.com/dg/page/open-access-policy">https://www.degruyter.com/dg/page/open-access-policy</a>
546 ## - LANGUAGE NOTE
Language note In German.
588 0# - SOURCE OF DESCRIPTION NOTE
Source of description note Description based on online resource; title from PDF title page (publisher's Web site, viewed 01. Dez 2022)
650 #0 - SUBJECT ADDED ENTRY--TOPICAL TERM
Topical term or geographic name entry element Autobiography
General subdivision German authors.
650 #4 - SUBJECT ADDED ENTRY--TOPICAL TERM
Topical term or geographic name entry element Allgemeine Literaturwissenschaft.
650 #4 - SUBJECT ADDED ENTRY--TOPICAL TERM
Topical term or geographic name entry element Bertha Von Suttner.
650 #4 - SUBJECT ADDED ENTRY--TOPICAL TERM
Topical term or geographic name entry element Geschichtswissenschaft.
650 #4 - SUBJECT ADDED ENTRY--TOPICAL TERM
Topical term or geographic name entry element Guibert Von Nogent.
650 #4 - SUBJECT ADDED ENTRY--TOPICAL TERM
Topical term or geographic name entry element IndividualitÀt.
650 #4 - SUBJECT ADDED ENTRY--TOPICAL TERM
Topical term or geographic name entry element Jean-Jacques Rousseau.
650 #4 - SUBJECT ADDED ENTRY--TOPICAL TERM
Topical term or geographic name entry element Johann Wolfgang Von Goethe.
650 #4 - SUBJECT ADDED ENTRY--TOPICAL TERM
Topical term or geographic name entry element Kulturgeschichte.
650 #4 - SUBJECT ADDED ENTRY--TOPICAL TERM
Topical term or geographic name entry element Kulturwissenschaft.
650 #4 - SUBJECT ADDED ENTRY--TOPICAL TERM
Topical term or geographic name entry element Literatur.
650 #4 - SUBJECT ADDED ENTRY--TOPICAL TERM
Topical term or geographic name entry element Literaturwissenschaft.
650 #4 - SUBJECT ADDED ENTRY--TOPICAL TERM
Topical term or geographic name entry element Mittelalter.
650 #4 - SUBJECT ADDED ENTRY--TOPICAL TERM
Topical term or geographic name entry element Petrus Abaelard.
650 #4 - SUBJECT ADDED ENTRY--TOPICAL TERM
Topical term or geographic name entry element RelationalitÀt.
650 #4 - SUBJECT ADDED ENTRY--TOPICAL TERM
Topical term or geographic name entry element Roland Barthes.
650 #4 - SUBJECT ADDED ENTRY--TOPICAL TERM
Topical term or geographic name entry element Subjekt.
650 #4 - SUBJECT ADDED ENTRY--TOPICAL TERM
Topical term or geographic name entry element Vergleich.
650 #4 - SUBJECT ADDED ENTRY--TOPICAL TERM
Topical term or geographic name entry element Vormoderne.
650 #4 - SUBJECT ADDED ENTRY--TOPICAL TERM
Topical term or geographic name entry element Walter Benjamin.
650 #7 - SUBJECT ADDED ENTRY--TOPICAL TERM
Topical term or geographic name entry element HISTORY / Social History.
Source of heading or term bisacsh
653 ## - INDEX TERM--UNCONTROLLED
Uncontrolled term Bertha Von Suttner.
653 ## - INDEX TERM--UNCONTROLLED
Uncontrolled term Comparison.
653 ## - INDEX TERM--UNCONTROLLED
Uncontrolled term Cultural History.
653 ## - INDEX TERM--UNCONTROLLED
Uncontrolled term Cultural Studies.
653 ## - INDEX TERM--UNCONTROLLED
Uncontrolled term Early Modern Period.
653 ## - INDEX TERM--UNCONTROLLED
Uncontrolled term Guibert Von Nogent.
653 ## - INDEX TERM--UNCONTROLLED
Uncontrolled term History.
653 ## - INDEX TERM--UNCONTROLLED
Uncontrolled term Individuality.
653 ## - INDEX TERM--UNCONTROLLED
Uncontrolled term Jean-jacques Rousseau.
653 ## - INDEX TERM--UNCONTROLLED
Uncontrolled term Johann Wolfgang Von Goethe.
653 ## - INDEX TERM--UNCONTROLLED
Uncontrolled term Literary Studies.
653 ## - INDEX TERM--UNCONTROLLED
Uncontrolled term Literature.
653 ## - INDEX TERM--UNCONTROLLED
Uncontrolled term Middle Age.
653 ## - INDEX TERM--UNCONTROLLED
Uncontrolled term Petrus Abaelard.
653 ## - INDEX TERM--UNCONTROLLED
Uncontrolled term Relationality.
653 ## - INDEX TERM--UNCONTROLLED
Uncontrolled term Roland Barthes.
653 ## - INDEX TERM--UNCONTROLLED
Uncontrolled term Subject.
653 ## - INDEX TERM--UNCONTROLLED
Uncontrolled term Walter Benjamin.
700 1# - ADDED ENTRY--PERSONAL NAME
Personal name Arlinghaus, Franz-Josef,
Relator term contributor.
Relator code ctb
-- https://id.loc.gov/vocabulary/relators/ctb
700 1# - ADDED ENTRY--PERSONAL NAME
Personal name Erhart, Walter,
Relator term author.
Relator code aut
-- http://id.loc.gov/vocabulary/relators/aut
700 1# - ADDED ENTRY--PERSONAL NAME
Personal name Erhart, Walter,
Relator term contributor.
Relator code ctb
-- https://id.loc.gov/vocabulary/relators/ctb
700 1# - ADDED ENTRY--PERSONAL NAME
Personal name Gumpert, Lena,
Relator term author.
Relator code aut
-- http://id.loc.gov/vocabulary/relators/aut
700 1# - ADDED ENTRY--PERSONAL NAME
Personal name Gumpert, Lena,
Relator term contributor.
Relator code ctb
-- https://id.loc.gov/vocabulary/relators/ctb
700 1# - ADDED ENTRY--PERSONAL NAME
Personal name Siemianowski, Simon,
Relator term contributor.
Relator code ctb
-- https://id.loc.gov/vocabulary/relators/ctb
776 0# - ADDITIONAL PHYSICAL FORM ENTRY
Qualifying information print
International Standard Book Number 9783837652000
856 40 - ELECTRONIC LOCATION AND ACCESS
Uniform Resource Identifier <a href="https://doi.org/10.1515/9783839452004?locatt=mode:legacy">https://doi.org/10.1515/9783839452004?locatt=mode:legacy</a>
Public note Open Access
-- 0
856 40 - ELECTRONIC LOCATION AND ACCESS
Uniform Resource Identifier <a href="https://www.degruyter.com/isbn/9783839452004">https://www.degruyter.com/isbn/9783839452004</a>
Public note Open Access
-- 0
856 42 - ELECTRONIC LOCATION AND ACCESS
Materials specified Cover
Uniform Resource Identifier <a href="https://www.degruyter.com/document/cover/isbn/9783839452004/original">https://www.degruyter.com/document/cover/isbn/9783839452004/original</a>
942 ## - ADDED ENTRY ELEMENTS (KOHA)
Koha item type E-Book
Holdings
Withdrawn status Damaged status Not for loan Home library Current library Date acquired Total Checkouts Date last seen Price effective from Koha item type
      De Gruyter De Gruyter 12/29/2022   12/29/2022 12/29/2022 E-Book

University of Rizal System
Email us at univlibservices@urs.edu.ph

Visit our Website www.urs.edu.ph/library